[Event "EU-ch 3rd"]
[Site "Batumi"]
[Date "2002.06.13"]
[Round "2"]
[White "Graf, Alexander"]
[Black "Mchedlishvili, Mikheil"]
[Result "1/2-1/2"]
[WhiteElo "2623"]
[BlackElo "2540"]
[PlyCount "41"]
[EventDate "2002.06.12"]
[Source "ChessBase"]
[SourceDate "2002.09.20"]

1. d4 Nf6 2. c4 e6 3. Nc3 Bb4 4. e3 c5 5. Bd3 Nc6 6. Nge2 cxd4 7. exd4 d5 8. O-O dxc4 9. Bxc4 O-O 10. Bg5 Be7 11. Qd3 Na5 12. Bb5 Bd7 13. Rfd1 Bxb5 14. Qxb5 a6 15. Qd3 Nc6 16. Qf3 Nd5 17. Nxd5 Bxg5 18. Ndc3 Qf6 19. Qg3 Bh4 20. Qe3 Qe7 21. Qf3 1/2-1/2

[Event "Cuba (ch) 87/459"]
[Site "?"]
[Date "2003.??.??"]
[Round "?"]
[White "Vera, R."]
[Black "Bruzon, L."]
[Result "1-0"]
[WhiteElo "2549"]
[BlackElo "2613"]
[PlyCount "105"]
[EventDate "2003.??.??"]
[Source "Chess Informant"]
[SourceDate "2003.02.01"]

1. d4 Nf6 2. c4 e6 3. Nc3 Bb4 4. e3 O-O 5. Bd3 d5 6. cxd5 exd5 7. Nge2 Re8 8. Bd2 Bf8 9. Qc2 b6 10. O-O Bb7 11. Rad1 a6 12. a3 c5 13. dxc5 bxc5 14. Na4 Nbd7 15. Bc3 Bd6 16. Bxf6 Qxf6 17. Bxh7+ Kh8 18. Bf5 Ne5 19. Ng3 g6 20. Bh3 Nc4 21. e4 Bc6 22. Nc3 d4 23. Nd5 Bxd5 24. exd5 Nb6 25. Ne4 Qe5 26. Nxd6 Qxd6 27. b4 cxb4 28. Rxd4 bxa3 29. Be6 Qe5 30. Rh4+ Kg7 31. Bxf7 Kxf7 32. Rh7+ Kf8 33. Qxg6 Re7 34. Rxe7 Kxe7 35. Qxb6 a2 36. d6+ Kf8 37. f4 Qc3 38. d7 Ke7 39. Rd1 Rd8 40. Qd6+ Kf7 41. Qd5+ Kf8 42. Qf5+ Ke7 43. Qg5+ Kf7 44. Qxd8 Qd4+ 45. Rxd4 a1=Q+ 46. Kf2 Qxd4+ 47. Kg3 Qe3+ 48. Kg4 Qe2+ 49. Kh3 Qe7 50. Qc7 Qe3+ 51. Kh4 Qf2+ 52. Kh5 Qe2+ 53. g4 1-0

[Event "FRA-ch Pool A"]
[Site "Marsailles"]
[Date "2001.08.17"]
[Round "5"]
[White "Vaisser, Anatoli"]
[Black "Sokolov, Andrei"]
[Result "1/2-1/2"]
[WhiteElo "2556"]
[BlackElo "2604"]
[PlyCount "28"]
[EventDate "2001.08.13"]
[Source "ChessBase"]
[SourceDate "2001.11.13"]

1. d4 Nf6 2. c4 e6 3. Nc3 Bb4 4. e3 O-O 5. Bd3 d5 6. Nge2 c5 7. cxd5 cxd4 8. exd4 Nxd5 9. O-O Nc6 10. Be4 Bd6 11. Bxd5 exd5 12. Bf4 Bb4 13. a3 Bxc3 14. Nxc3 Be6 1/2-1/2

[Event "FRA-chT 9900"]
[Site "France"]
[Date "2000.04.29"]
[Round "8.2"]
[White "Vaisser, Anatoli"]
[Black "Nisipeanu, Liviu Dieter"]
[Result "1/2-1/2"]
[WhiteElo "2549"]
[BlackElo "2611"]
[PlyCount "49"]
[EventDate "2000.02.04"]
[Source "www.chesslib.no"]
[SourceDate "2004.05.04"]

1. d4 Nf6 2. c4 e6 3. Nc3 Bb4 4. e3 O-O 5. Bd3 c5 6. Nge2 cxd4 7. exd4 d5 8. cxd5 Nxd5 9. O-O Nc6 10. Be4 Bd6 11. Qd3 Qh4 12. g3 Qh5 13. Bf3 Ndb4 14. Qe4 Qg6 15. Qxg6 hxg6 16. Rd1 Ne7 17. Bf4 Bxf4 18. Nxf4 Rd8 19. Rac1 Nbc6 20. d5 exd5 21. Ncxd5 Nxd5 22. Rxd5 Bf5 23. Rcd1 Rxd5 24. Rxd5 Re8 25. h4 1/2-1/2

[Event "Linares Anibal op 8th"]
[Site "Linares"]
[Date "2001.01.13"]
[Round "6"]
[White "Kacheishvili, Giorgi"]
[Black "Milov, Vadim"]
[Result "1/2-1/2"]
[WhiteElo "2556"]
[BlackElo "2604"]
[PlyCount "38"]
[EventDate "2001.01.08"]
[Source "ChessBase"]
[SourceDate "2001.03.20"]

1. d4 Nf6 2. c4 e6 3. Nc3 Bb4 4. e3 c5 5. Bd3 Nc6 6. Nge2 cxd4 7. exd4 d5 8. cxd5 Nxd5 9. O-O O-O 10. Nxd5 Qxd5 11. a3 Bd6 12. Nc3 Qa5 13. Be3 Ne7 14. b4 Qd8 15. Ne4 Nd5 16. Qh5 f5 17. Nxd6 Qxd6 18. Qf3 b6 19. Bc4 Bb7 1/2-1/2

[Event "Bosna i Hercegovina 83/540"]
[Site "?"]
[Date "2001.??.??"]
[Round "?"]
[White "Shariyazdanov, A."]
[Black "Sax, Gy"]
[Result "1-0"]
[WhiteElo "2582"]
[BlackElo "2576"]
[PlyCount "63"]
[EventDate "2001.??.??"]
[Source "Chess Informant"]
[SourceDate "2001.10.01"]

1. d4 Nf6 2. c4 e6 3. Nc3 Bb4 4. e3 O-O 5. Bd3 d5 6. cxd5 exd5 7. Nge2 c5 8. O-O Nc6 9. a3 cxd4 10. exd4 Bd6 11. f3 Nh5 12. g4 Qh4 13. Rf2 Nf6 14. Bf4 Bxf4 15. Nxf4 Qh6 16. Qd2 Be6 17. Re1 Nxd4 18. Bxh7+ Nxh7 19. Qxd4 Rfd8 20. Nce2 b6 21. Kg2 Rac8 22. b3 Qh4 23. Nh5 f6 24. Nef4 Bf7 25. Ng3 g6 26. Re7 Qh6 27. Rxa7 Qf8 28. Re2 Re8 29. Nxd5 Rxe2+ 30. Nxe2 Rc2 31. Ndc3 Qc5 32. Qd3 1-0